[Event "FIDE Grand Prix 2017"]
[Site "Ginevra"]
[Date "12.07.2017"]
[Round "6"]
[White "Gelfand, Boris"]
[Black "Adams, Michael"]
[Result "1/2-1/2"]
[WhiteTitle "GM"]
[BlackTitle "GM"]
[WhiteElo "2728"]
[BlackElo "2736"]
[WhiteFideId "2805677"]
[BlackFideId "400041"]
[EventDate "2017.07.06"]
[EventType "swiss"]

1. c4 Nf6 2. Nc3 e5 3. Nf3 Nc6 4. g3 d5 5. cxd5 Nxd5 6. Bg2 Bc5 7. O-O O-O 8. d3
Bb6 9. Na4 Re8 10. a3 Nd4 11. e3 Nxf3+ 12. Qxf3 c6 13. b4 Be6 14. Bb2 Qd7 15.
Qe2 Bg4 16. Qc2 Bh3 17. Bxh3 Qxh3 18. Nxb6 axb6 19. e4 Nf4 20. f3 Ng6 21. a4 h5
22. d4 Qe6 23. Rad1 h4 24. dxe5 1/2-1/2

[Event "FIDE Grand Prix 2017"]
[Site "Ginevra"]
[Date "12.07.2017"]
[Round "6"]
[White "Rapport, Richard"]
[Black "Riazantsev, Alexander"]
[Result "0-1"]
[WhiteTitle "GM"]
[BlackTitle "GM"]
[WhiteElo "2694"]
[BlackElo "2654"]
[WhiteFideId "738590"]
[BlackFideId "4125029"]
[EventDate "2017.07.06"]
[EventType "swiss"]

1. b3 e5 2. Bb2 Nc6 3. e3 Nf6 4. Bb5 Bd6 5. Ne2 a6 6. Bxc6 dxc6 7. d3 Qe7 8. Nd2
Be6 9. a4 O-O-O 10. a5 h5 11. Ra4 h4 12. h3 Nd7 13. Qa1 Nc5 14. Ra2 Rh5 15. Bc3
Rg5 16. Rg1 f6 17. Rb2 Qf7 18. b4 Nd7 19. Ne4 Rg6 20. Qa3 Qf8 21. Nc5 Nxc5 22.
bxc5 Bxc5 23. Bb4 Bxb4+ 24. Rxb4 c5 25. Rxh4 f5 26. Rh5 Kb8 27. g4 fxg4 28. Rxe5
Qf6 29. Qxc5 gxh3 30. Rxg6 Qxg6 31. Qe7 Re8 32. Qh4 Bc8 33. Qh5 Qxh5 34. Rxh5 g6
35. Rg5 h2 36. Ng3 Rh8 37. Nh1 Rh5 38. Rg2 Rxa5 39. Kd2 Rh5 40. Rxg6 a5 41. Kc1
Rh4 42. f3 Rh3 43. Rf6 c5 44. Kb2 Kc7 45. e4 Bd7 46. Rf7 Kd8 47. f4 c4 48. d4
c3+ 49. Ka3 b5 50. f5 Re3 51. Rh7 Rxe4 52. Rxh2 b4+ 53. Kb3 Rxd4 54. Ng3 Bc6 55.
Ne2 a4+ 56. Ka2 Bd5+ 57. Kb1 Rd1+ 58. Nc1 a3 0-1

[Event "FIDE Grand Prix 2017"]
[Site "Ginevra"]
[Date "12.07.2017"]
[Round "6"]
[White "Salem, A.R. Saleh"]
[Black "Hou, Yifan"]
[Result "0-1"]
[WhiteTitle "GM"]
[BlackTitle "GM"]
[WhiteElo "2638"]
[BlackElo "2666"]
[WhiteFideId "9301348"]
[BlackFideId "8602980"]
[EventDate "2017.07.06"]
[EventType "swiss"]

1. e4 e5 2. Nf3 Nc6 3. Bc4 Bc5 4. c3 Nf6 5. d3 O-O 6. Bg5 Be7 7. a4 d6 8. Nbd2
h6 9. Bxf6 Bxf6 10. Nf1 Ne7 11. Ne3 c6 12. Qb3 Rb8 13. Qa2 Ng6 14. Rd1 Bg5 15.
O-O Bxe3 16. fxe3 Qe7 17. d4 Kh8 18. Qa3 Bg4 19. Ba2 Rbd8 20. h3 Bxf3 21. Rxf3
f5 22. dxe5 Qxe5 23. Qb4 f4 24. Qd4 Qg5 25. exf4 Nxf4 26. Qd2 Rf6 27. Kh2 Rdf8
28. Rg3 Qe5 29. Qd4 Qh5 30. Qd2 Ne2 31. Rf3 Rxf3 0-1

[Event "FIDE Grand Prix 2017"]
[Site "Ginevra"]
[Date "13.07.2017"]
[Round "7"]
[White "Harikrishna, Pentala"]
[Black "Grischuk, Alexander"]
[Result "1/2-1/2"]
[WhiteTitle "GM"]
[BlackTitle "GM"]
[WhiteElo "2737"]
[BlackElo "2761"]
[WhiteFideId "5007003"]
[BlackFideId "4126025"]
[EventDate "2017.07.06"]
[EventType "swiss"]

1. e4 c5 2. Nf3 d6 3. d4 cxd4 4. Nxd4 Nf6 5. Nc3 a6 6. h3 e6 7. g4 Nfd7 8. g5 b5
9. a3 Be7 10. h4 Bb7 11. Be3 Nc6 12. Qd2 Rc8 13. Nxc6 Bxc6 14. h5 O-O 15. O-O-O
Nc5 16. f3 a5 17. Bxc5 dxc5 18. Qxd8 Rfxd8 19. Bxb5 Bxg5+ 20. Kb1 Ba8 21. Na4
Be7 22. b3 Rb8 23. Rxd8+ Rxd8 24. Nb2 Bf6 25. Nd3 Bd4 26. Rd1 Rd6 27. Rc1 f5 28.
c3 Be3 29. Re1 Bd2 1/2-1/2

[Event "FIDE Grand Prix 2017"]
[Site "Ginevra"]
[Date "13.07.2017"]
[Round "7"]
[White "Radjabov, Teimour"]
[Black "Svidler, Peter"]
[Result "1-0"]
[WhiteTitle "GM"]
[BlackTitle "GM"]
[WhiteElo "2724"]
[BlackElo "2749"]
[WhiteFideId "13400924"]
[BlackFideId "4102142"]
[EventDate "2017.07.06"]
[EventType "swiss"]

1. Nf3 Nf6 2. c4 c5 3. Nc3 d5 4. cxd5 Nxd5 5. e3 Nxc3 6. dxc3 Qxd1+ 7. Kxd1 Bf5
8. Nd2 Nc6 9. e4 Be6 10. Kc2 g6 11. Bc4 Bd7 12. Nb3 b6 13. a4 Ne5 14. Bb5 a6 15.
Bxd7+ Nxd7 16. Be3 e6 17. Rhd1 O-O-O 18. Nd2 Be7 19. Nc4 Kb7 20. a5 Rhf8 21.
axb6 Nxb6 22. Na5+ Kc7 23. Bf4+ Bd6 24. Bh6 Rfe8 25. Nb3 Ra8 26. Be3 Nd7 27. Ra5
Kc6 28. Rda1 Kb6 29. R5a4 Rec8 30. Na5 Be7 31. Rb4+ 1-0

[Event "FIDE Grand Prix 2017"]
[Site "Ginevra"]
[Date "13.07.2017"]
[Round "7"]
[White "Riazantsev, Alexander"]
[Black "Li, Chao b"]
[Result "1-0"]
[WhiteTitle "GM"]
[BlackTitle "GM"]
[WhiteElo "2654"]
[BlackElo "2735"]
[WhiteFideId "4125029"]
[BlackFideId "8604436"]
[EventDate "2017.07.06"]
[EventType "swiss"]

1. d4 Nf6 2. c4 c6 3. Nc3 d5 4. e3 g6 5. Nf3 Bg7 6. Be2 O-O 7. O-O dxc4 8. Bxc4
Bg4 9. h3 Bxf3 10. Qxf3 Nbd7 11. Rd1 e5 12. d5 e4 13. Nxe4 Nxe4 14. Qxe4 Nb6 15.
Rb1 Qd6 16. Bb3 cxd5 17. Qd3 a5 18. a3 Qe6 19. Bd2 Rfc8 20. Be1 Rc5 21. Ba2 Nc4
22. b4 axb4 23. Bxb4 Rcc8 24. Bb3 b5 25. Qxd5 Qxd5 26. Rxd5 Nxa3 27. Bxa3 Rxa3
28. Rd7 Rf8 29. Rb7 Bc3 30. g4 b4 31. h4 h6 32. g5 hxg5 33. hxg5 Ra5 34. f4 Bd2
35. Kf2 Rc5 36. Rd1 Rc3 37. Bxf7+ Rxf7 38. Rb8+ Kg7 39. Rxd2 Re7 40. Re2 b3 41.
Rb4 Rd7 42. Kf3 Re7 43. Re1 Rd7 44. Re2 Re7 45. Rb6 Kf7 46. Kf2 Kg7 47. e4 Rf7
48. Re3 Rxf4+ 49. Kg3 Rxe3+ 50. Kxf4 Rc3 51. Rb7+ Kg8 52. Rb5 Kf7 53. Ke5 Ke7
54. Rb7+ Kd8 55. Kd6 Kc8 56. Rb4 Rd3+ 57. Ke6 Kc7 58. e5 Rf3 59. Ke7 Kc6 60. e6
Kd5 61. Kd7 Rd3 62. Rb7 Ke5+ 63. Ke7 Kd5 64. Rd7+ Ke4 65. Rxd3 Kxd3 66. Kf6 b2
67. e7 b1=Q 68. e8=Q Kd4 69. Qxg6 Qb8 70. Qg7 Ke4 71. Qh7+ Kf3 72. Qf5+ Kg2 73.
Qd5+ Kh3 74. g6 Qf8+ 75. Kg5 Qe7+ 76. Kh6 Qe3+ 77. Kh7 Qe7+ 78. g7 Qh4+ 79. Kg6
Qg3+ 80. Kf6 Qh4+ 81. Kf7 Qf4+ 82. Ke7 Qh4+ 83. Ke8 Qe1+ 84. Kd7 1-0

[Event "FIDE Grand Prix 2017"]
[Site "Ginevra"]
[Date "13.07.2017"]
[Round "7"]
[White "Giri, Anish"]
[Black "Aronian, Levon"]
[Result "1/2-1/2"]
[WhiteTitle "GM"]
[BlackTitle "GM"]
[WhiteElo "2775"]
[BlackElo "2809"]
[WhiteFideId "24116068"]
[BlackFideId "13300474"]
[EventDate "2017.07.06"]
[EventType "swiss"]

1. c4 Nf6 2. Nc3 e5 3. Nf3 Nc6 4. e3 Bb4 5. Qc2 Bxc3 6. Qxc3 Qe7 7. Be2 d5 8. d4
exd4 9. Nxd4 Nxd4 10. Qxd4 c5 11. Qh4 dxc4 12. Bxc4 Be6 13. Be2 Nd5 14. Bb5+ Kf8
15. Qe4 Bd7 16. Qc4 Be6 17. Qe4 Bd7 18. Qc4 Be6 1/2-1/2

[Event "FIDE Grand Prix 2017"]
[Site "Ginevra"]
[Date "13.07.2017"]
[Round "7"]
[White "Adams, Michael"]
[Black "Jakovenko, Dmitry"]
[Result "1/2-1/2"]
[WhiteTitle "GM"]
[BlackTitle "GM"]
[WhiteElo "2736"]
[BlackElo "2703"]
[WhiteFideId "400041"]
[BlackFideId "4122356"]
[EventDate "2017.07.06"]
[EventType "swiss"]

1. e4 e5 2. Nf3 Nc6 3. Bc4 Bc5 4. O-O Nf6 5. d3 d6 6. c3 a6 7. a4 Ba7 8. Re1 O-O
9. h3 Ne7 10. Nbd2 Ng6 11. d4 c6 12. Bd3 Nh5 13. Nc4 exd4 14. Nxd4 Nhf4 15. Bf1
d5 16. exd5 Nxd5 17. g3 Qf6 18. Ne3 Bxd4 1/2-1/2

[Event "FIDE Grand Prix 2017"]
[Site "Ginevra"]
[Date "13.07.2017"]
[Round "7"]
[White "Hou, Yifan"]
[Black "Gelfand, Boris"]
[Result "1/2-1/2"]
[WhiteTitle "GM"]
[BlackTitle "GM"]
[WhiteElo "2666"]
[BlackElo "2728"]
[WhiteFideId "8602980"]
[BlackFideId "2805677"]
[EventDate "2017.07.06"]
[EventType "swiss"]

1. e4 c5 2. Nc3 Nc6 3. Bb5 Nd4 4. Nf3 e6 5. O-O a6 6. Bd3 Nc6 7. b3 d6 8. Bb2
Nf6 9. Re1 Nd7 10. Bf1 Nde5 11. d3 Nxf3+ 12. Qxf3 Be7 13. Ne2 e5 14. c3 O-O 15.
d4 f5 16. exf5 d5 17. Ng3 cxd4 18. c4 Be6 19. Qg4 Bf7 20. cxd5 Bxd5 21. f4 Bf6
22. Rad1 Qa5 23. fxe5 Nxe5 24. Qf4 Rae8 25. Nh5 Nf3+ 26. gxf3 Rxe1 27. Nxf6+
Rxf6 28. Rxe1 Qxe1 29. Bxd4 Qb4 30. a3 Qxa3 31. Bxf6 gxf6 32. Qg4+ Kf7 33. Qh5+
Kf8 34. Qh6+ Kg8 35. Qxf6 Qf8 36. Qxf8+ Kxf8 37. b4 Bxf3 38. Kf2 Be4 39. Bh3 Ke7 1/2-1/2

[Event "FIDE Grand Prix 2017"]
[Site "Ginevra"]
[Date "13.07.2017"]
[Round "7"]
[White "Eljanov, Pavel"]
[Black "Salem, A.R. Saleh"]
[Result "1-0"]
[WhiteTitle "GM"]
[BlackTitle "GM"]
[WhiteElo "2739"]
[BlackElo "2638"]
[WhiteFideId "14102951"]
[BlackFideId "9301348"]
[EventDate "2017.07.06"]
[EventType "swiss"]

1. d4 Nf6 2. Nf3 e6 3. c4 c5 4. d5 d6 5. Nc3 exd5 6. cxd5 g6 7. Nd2 Bg7 8. e4
O-O 9. Be2 Re8 10. O-O Na6 11. Kh1 Nc7 12. f3 Nd7 13. a4 b6 14. Nc4 Ne5 15. Bf4
Nxc4 16. Bxc4 a6 17. Qe1 h5 18. h4 Rb8 19. Qg3 Bf8 20. Rfe1 b5 21. e5 dxe5 22.
Rxe5 Rb6 23. Rg5 bxc4 24. Bxc7 Qf6 25. Ne4 Rxe4 26. fxe4 Rb3 27. Be5 Rxg3 28.
Bxf6 Re3 29. Re5 Bd7 30. d6 Rd3 31. Rd5 Rxd5 32. exd5 Bxd6 33. a5 Kf8 34. Rc1
Bb5 35. Re1 Ba4 36. Kg1 Bd7 37. Kf2 Bc8 38. Be5 Ke7 39. Bxd6+ Kxd6 40. Re8 Bb7
41. Ke3 Kd7 42. Rf8 Bxd5 43. g3 c3 44. bxc3 Bc4 45. Rb8 Kd6 46. Ke4 1-0

[Event "FIDE Grand Prix 2017"]
[Site "Ginevra"]
[Date "13.07.2017"]
[Round "7"]
[White "Inarkiev, Ernesto"]
[Black "Rapport, Richard"]
[Result "1/2-1/2"]
[WhiteTitle "GM"]
[BlackTitle "GM"]
[WhiteElo "2707"]
[BlackElo "2694"]
[WhiteFideId "4162722"]
[BlackFideId "738590"]
[EventDate "2017.07.06"]
[EventType "swiss"]

1. e4 e5 2. Nf3 Nc6 3. Bb5 a6 4. Ba4 Nf6 5. O-O Be7 6. Re1 b5 7. Bb3 d6 8. c3
O-O 9. h3 Na5 10. Bc2 c5 11. d4 Nd7 12. a4 Rb8 13. axb5 axb5 14. b3 Re8 15. d5
Nf8 16. Nbd2 Bd7 17. Nf1 Ra8 18. Ne3 Qc7 19. Nf5 Bf6 20. Bd2 Ra7 21. Nh2 Rea8
22. Ng4 Qd8 23. Nxf6+ Qxf6 24. Qg4 h6 25. Be3 Ra6 26. Qf3 Nh7 27. g3 c4 28. b4
Nb3 29. Rxa6 Rxa6 30. Bxb3 cxb3 31. Rb1 Ra3 32. Kg2 Bxf5 33. exf5 Qd8 34. Bc1
Ra2 35. Rxb3 Nf6 36. Ra3 Rxa3 37. Bxa3 Qa8 38. Bc1 Qxd5 39. Qxd5 Nxd5 40. Bd2
Nb6 41. Kf3 d5 42. g4 Nc4 43. Be3 Kh7 44. Ke2 Nd6 45. f4 f6 46. Bb6 g6 47. Bc7
Nc4 48. fxg6+ Kxg6 49. Kd3 Kf7 50. Bb8 Ke6 51. Ke2 Na3 52. Kd2 Nc4+ 53. Ke2 Nb6
54. Kd2 Nc8 55. Ke2 Ne7 56. Ba7 Kf7 57. Bg1 Nc6 58. Bh2 Ke6 59. Bg3 Ne7 60. Bf2
Kf7 61. Bg3 Nc6 62. Bh2 h5 63. Ke3 hxg4 64. hxg4 Ke6 65. Bg3 Nd8 66. Bf2 Nf7 67.
Kf3 Nd6 68. Ke3 Nc4+ 69. Ke2 Kf7 70. Bg3 Ke6 71. Bf2 Nd6 72. Ke3 Nf7 73. Kf3 Nd8
74. Ke3 Nc6 75. Bg3 Ne7 76. Bf2 Ng8 77. Kf3 Nh6 78. Be3 Nf7 1/2-1/2

[Event "FIDE Grand Prix 2017"]
[Site "Ginevra"]
[Date "14.07.2017"]
[Round "8"]
[White "Radjabov, Teimour"]
[Black "Riazantsev, Alexander"]
[Result "1/2-1/2"]
[WhiteTitle "GM"]
[BlackTitle "GM"]
[WhiteElo "2724"]
[BlackElo "2654"]
[WhiteFideId "13400924"]
[BlackFideId "4125029"]
[EventDate "2017.07.06"]
[EventType "swiss"]

1. d4 Nf6 2. c4 e6 3. Nf3 d5 4. Nc3 c5 5. cxd5 Nxd5 6. e4 Nxc3 7. bxc3 cxd4 8.
cxd4 Bb4+ 9. Bd2 Bxd2+ 10. Qxd2 O-O 11. Bc4 b6 12. O-O 1/2-1/2

[Event "FIDE Grand Prix 2017"]
[Site "Ginevra"]
[Date "14.07.2017"]
[Round "8"]
[White "Li, Chao b"]
[Black "Harikrishna, Pentala"]
[Result "1-0"]
[WhiteTitle "GM"]
[BlackTitle "GM"]
[WhiteElo "2735"]
[BlackElo "2737"]
[WhiteFideId "8604436"]
[BlackFideId "5007003"]
[EventDate "2017.07.06"]
[EventType "swiss"]

1. d4 Nf6 2. c4 e6 3. Nf3 d5 4. Bg5 Bb4+ 5. Nc3 h6 6. Bxf6 Qxf6 7. e3 O-O 8. Qb3
c5 9. cxd5 exd5 10. dxc5 Bxc3+ 11. Qxc3 Qxc3+ 12. bxc3 Nd7 13. Rd1 Nxc5 14. Rxd5
b6 15. Rd4 Ne6 16. Rd6 Bb7 17. Nd4 Nxd4 18. Rxd4 Rac8 19. Kd2 Rc5 20. Rg1 Rfc8
21. Bd3 Kf8 22. Rd7 Bd5 23. Rxa7 Rxc3 24. e4 Be6 25. Rb1 R3c7 26. Rxc7 Rxc7 27.
a4 Bd7 28. Bc2 Rc6 29. f4 Ke7 30. Rb4 h5 31. g3 Kd8 32. Bb3 f6 33. h4 Kc7 34.
Kd3 f5 35. e5 Rg6 36. Kd4 Rxg3 37. e6 Be8 38. Ke5 Rc3 39. Kxf5 Rc5+ 40. Ke4 Bc6+
41. Kd3 Rc1 42. Bc2 g6 43. Kd2 Rg1 44. e7 Be8 45. Re4 Rg2+ 46. Kc3 Rg3+ 47. Bd3
Kd6 48. Kd4 Bxa4 49. e8=Q Bxe8 50. Rxe8 Rg4 51. Ke3 Rg3+ 52. Ke2 Kd5 53. Rg8 Rg4
54. Kf3 Rxh4 55. Be4+ Kd4 56. Rd8+ Kc3 57. Bxg6 Rh1 58. f5 Rf1+ 59. Ke2 Rf4 60.
Rd3+ 1-0

[Event "FIDE Grand Prix 2017"]
[Site "Ginevra"]
[Date "14.07.2017"]
[Round "8"]
[White "Nepomniachtchi, Ian"]
[Black "Aronian, Levon"]
[Result "1-0"]
[WhiteTitle "GM"]
[BlackTitle "GM"]
[WhiteElo "2742"]
[BlackElo "2809"]
[WhiteFideId "4168119"]
[BlackFideId "13300474"]
[EventDate "2017.07.06"]
[EventType "swiss"]

1. c4 Nf6 2. Nc3 e5 3. Nf3 Nc6 4. g3 d5 5. cxd5 Nxd5 6. Bg2 Nb6 7. O-O Be7 8. a3
a5 9. d3 O-O 10. Be3 Be6 11. Rc1 a4 12. Nd2 f5 13. Bxb6 cxb6 14. Nxa4 Bg5 15.
Nc3 e4 16. Rb1 Ne5 17. Nb3 Ng4 18. Qc2 Be3 19. dxe4 Qg5 20. fxe3 Qxe3+ 21. Kh1
Qh6 22. h3 Ne3 23. Qd2 f4 24. gxf4 Nxf1 25. Rxf1 Bxb3 26. e5 Rae8 27. Ne4 Kh8
28. Kh2 Bg8 29. e3 Re6 30. Nd6 Qh4 31. Qd4 Rg6 32. Rf3 Qe1 33. f5 Rg5 34. h4 Rh5
35. Rg3 Be6 36. fxe6 1-0

[Event "FIDE Grand Prix 2017"]
[Site "Ginevra"]
[Date "14.07.2017"]
[Round "8"]
[White "Gelfand, Boris"]
[Black "Eljanov, Pavel"]
[Result "1/2-1/2"]
[WhiteTitle "GM"]
[BlackTitle "GM"]
[WhiteElo "2728"]
[BlackElo "2739"]
[WhiteFideId "2805677"]
[BlackFideId "14102951"]
[EventDate "2017.07.06"]
[EventType "swiss"]

1. d4 Nf6 2. c4 e6 3. g3 Bb4+ 4. Bd2 Be7 5. Bg2 d5 6. Nf3 O-O 7. O-O Nbd7 8. a4
a5 9. Qc2 c6 10. Na3 Bd6 11. Ne1 Qe7 12. Nd3 h6 13. Rfd1 Re8 14. Rac1 e5 15.
dxe5 Nxe5 16. Nxe5 Bxe5 17. cxd5 Nxd5 18. Nc4 Nb4 19. Qe4 Bc7 20. Qxe7 Rxe7 21.
Be3 Bg4 22. Kf1 Rd8 23. Rxd8+ Bxd8 24. Nd6 Rd7 25. Ne4 Nc2 26. Bf4 Nd4 27. Nc3
Bf6 28. Be4 g5 29. Be3 Nb3 30. Rd1 Rxd1+ 31. Nxd1 Bd4 32. Bc2 Bxe3 33. Nxe3 Be6
34. Nf5 Bxf5 35. Bxf5 Kf8 36. e3 Ke7 37. Ke2 Nc5 38. Bc2 Kd6 39. f4 gxf4 1/2-1/2

[Event "FIDE Grand Prix 2017"]
[Site "Ginevra"]
[Date "14.07.2017"]
[Round "8"]
[White "Jakovenko, Dmitry"]
[Black "Inarkiev, Ernesto"]
[Result "1/2-1/2"]
[WhiteTitle "GM"]
[BlackTitle "GM"]
[WhiteElo "2703"]
[BlackElo "2707"]
[WhiteFideId "4122356"]
[BlackFideId "4162722"]
[EventDate "2017.07.06"]
[EventType "swiss"]

1. e4 c5 2. Nf3 e6 3. d4 cxd4 4. Nxd4 Nc6 5. Nc3 Qc7 6. Be3 a6 7. Qd2 Nf6 8.
O-O-O Be7 9. f4 b5 10. e5 b4 11. exf6 bxc3 12. Qxc3 Bxf6 13. g4 h6 14. h4 Bb7
15. Rh2 Rc8 16. Qd2 Nxd4 17. Bxd4 Bxd4 18. Qxd4 O-O 19. Bd3 Qc5 20. Qxc5 Rxc5
21. b4 Rc3 22. Kb2 Rfc8 23. a4 Kf8 24. a5 Ke7 25. Re1 R3c4 26. Bxc4 Rxc4 27. b5
Rb4+ 28. Kc3 Rxb5 29. Ra1 Bd5 30. Rf2 Rc5+ 31. Kd3 Rc4 32. h5 f6 33. c3 e5 34.
fxe5 fxe5 35. Rg1 Be6 36. g5 Rh4 37. gxh6 gxh6 38. Rgg2 e4+ 39. Ke3 Rxh5 40. Rh2
Rc5 41. Rxh6 Rxc3+ 42. Kxe4 Rc4+ 43. Kd3 Rc5 44. Rb2 Rxa5 45. Rb6 Ra1 46. Kc3 a5
47. Ra6 a4 48. Kb4 a3 49. Rxa3 Rxa3 1/2-1/2

[Event "FIDE Grand Prix 2017"]
[Site "Ginevra"]
[Date "14.07.2017"]
[Round "8"]
[White "Hou, Yifan"]
[Black "Giri, Anish"]
[Result "0-1"]
[WhiteTitle "GM"]
[BlackTitle "GM"]
[WhiteElo "2666"]
[BlackElo "2775"]
[WhiteFideId "8602980"]
[BlackFideId "24116068"]
[EventDate "2017.07.06"]
[EventType "swiss"]

1. e4 c5 2. Nf3 d6 3. d4 cxd4 4. Nxd4 Nf6 5. Nc3 a6 6. Be2 e6 7. O-O Be7 8. f4
O-O 9. Kh1 Qc7 10. Qe1 Nc6 11. Be3 Nxd4 12. Bxd4 b5 13. Qg3 Bb7 14. a3 Rad8 15.
Rae1 Bc6 16. Bd3 Qd7 17. Rf3 e5 18. fxe5 Nh5 19. Qh3 Qxh3 20. Rxh3 Nf4 21. Rf3
Nxd3 22. cxd3 dxe5 23. Bxe5 b4 24. axb4 Bxb4 25. Rc1 Rc8 26. h3 f6 27. Bg3 Rfd8
28. Bf2 Bb7 29. Kh2 f5 30. Ra1 fxe4 31. dxe4 Rd2 32. Nd5 Bf8 33. b4 h6 34. Bc5
Bxc5 35. bxc5 Rxc5 36. Rb3 Bxd5 37. exd5 a5 38. d6 Rxd6 39. Rb8+ Kf7 40. Ra8
Rdd5 41. Ra7+ Kg6 42. Ra3 Rh5 43. Ra4 Rb5 44. h4 Rb4 45. R4xa5 Rhxh4+ 46. Kg3
Kh7 47. Ra3 h5 48. Rf7 Rh1 49. Re3 h4+ 50. Kf2 Rbb1 51. Ree7 Rhf1+ 52. Ke2 Rbe1+
53. Kd3 Rxf7 54. Rxf7 Kh6 55. Kd2 Re6 56. Rf4 Kh5 57. Rf7 Rg6 58. Rf2 Kg4 59.
Ke1 Re6+ 60. Kf1 Rf6 61. Rxf6 gxf6 62. Kf2 Kf4 63. Kg1 Kg3 64. Kf1 h3 65. Kg1
Kg4 66. gxh3+ Kxh3 67. Kf2 Kg4 68. Kg2 Kf4 0-1

[Event "FIDE Grand Prix 2017"]
[Site "Ginevra"]
[Date "14.07.2017"]
[Round "8"]
[White "Salem, A.R. Saleh"]
[Black "Svidler, Peter"]
[Result "1/2-1/2"]
[WhiteTitle "GM"]
[BlackTitle "GM"]
[WhiteElo "2638"]
[BlackElo "2749"]
[WhiteFideId "9301348"]
[BlackFideId "4102142"]
[EventDate "2017.07.06"]
[EventType "swiss"]

1. Nf3 Nf6 2. c4 c5 3. Nc3 Nc6 4. e3 e6 5. d4 d5 6. a3 cxd4 7. exd4 Be7 8. Bd3
dxc4 9. Bxc4 O-O 10. O-O Nd5 11. Re1 Nxc3 12. bxc3 Bf6 13. Bd3 Bd7 14. Rb1 b6
15. Rb5 g6 16. Bh6 Re8 17. Qd2 Ne7 18. Rbe5 Bc6 19. Bg5 Bg7 20. R5e3 h6 21. Bh4
Bxf3 22. Rxf3 Qd6 23. Bg3 Qxa3 24. Be5 Nd5 25. Bxg7 Kxg7 26. c4 Qb4 27. Qe2 Rad8
28. cxd5 Rxd5 29. Rc1 Qd6 30. g3 Rxd4 31. Rc3 Re7 32. Qc2 Qd5 33. Re3 Rd7 34.
Be4 Qb5 35. Bd3 Qd5 36. Qe2 a5 37. h4 h5 38. Be4 Qd6 39. Kg2 Rc7 40. Rxc7 Qxc7
41. Qb2 Qc5 42. Bf3 1/2-1/2

[Event "FIDE Grand Prix 2017"]
[Site "Ginevra"]
[Date "15.07.2017"]
[Round "9"]
[White "Nepomniachtchi, Ian"]
[Black "Radjabov, Teimour"]
[Result "1/2-1/2"]
[WhiteTitle "GM"]
[BlackTitle "GM"]
[WhiteElo "2742"]
[BlackElo "2724"]
[WhiteFideId "4168119"]
[BlackFideId "13400924"]
[EventDate "2017.07.06"]
[EventType "swiss"]

1. e4 e5 2. Nf3 Nc6 3. Bc4 Nf6 4. d3 Bc5 5. O-O d6 6. c3 a6 7. a4 O-O 8. h3 h6
9. Re1 Ba7 10. Nbd2 Ne7 11. d4 Ng6 12. Bf1 Re8 13. Qc2 Nh7 14. dxe5 dxe5 15. Nc4
Qf6 16. Ne3 Ne7 17. Ng4 Bxg4 18. hxg4 Ng6 19. Bc4 Rad8 20. a5 Nf4 21. Nh2 Rd7
22. Be3 Bxe3 23. fxe3 Ne6 24. Rf1 Qe7 25. b4 Nhg5 26. Nf3 Nxf3+ 27. gxf3 Qg5 28.
Rae1 Red8 29. Qh2 Rd2 30. Re2 Rd1 31. Bd5 Rxf1+ 32. Kxf1 c6 33. Bxe6 Rd1+ 34.
Kf2 fxe6 35. Qh5 Qxh5 36. gxh5 Kf7 37. Rb2 Rc1 38. Rd2 Ke7 39. Rd3 Rh1 40. Kg2
Rxh5 41. c4 Rg5+ 42. Kh2 Rh5+ 43. Kg2 Rg5+ 44. Kh2 h5 45. b5 h4 46. Kh3 Rg3+ 47.
Kxh4 Rxf3 48. bxa6 bxa6 49. c5 Rf1 50. Rd6 Ra1 51. Rxc6 Rxa5 52. Kg5 Kd7 53.
Rd6+ Ke7 54. Rc6 Kd7 55. Rd6+ Ke7 56. Rc6 1/2-1/2

[Event "FIDE Grand Prix 2017"]
[Site "Ginevra"]
[Date "15.07.2017"]
[Round "9"]
[White "Giri, Anish"]
[Black "Grischuk, Alexander"]
[Result "1/2-1/2"]
[WhiteTitle "GM"]
[BlackTitle "GM"]
[WhiteElo "2775"]
[BlackElo "2761"]
[WhiteFideId "24116068"]
[BlackFideId "4126025"]
[EventDate "2017.07.06"]
[EventType "swiss"]

1. Nf3 Nf6 2. g3 d5 3. Bg2 c6 4. O-O Bf5 5. c4 e6 6. Qb3 Qb6 7. d3 Nbd7 8. cxd5
exd5 9. Qc2 Qc5 10. Qa4 Qb4 11. Qd1 Be7 12. a3 Qb6 13. Nc3 Bg4 14. b4 O-O 15.
Be3 Qd8 16. Nd4 Re8 17. h3 Bh5 18. g4 Bg6 19. Qd2 a5 20. Rab1 axb4 21. axb4 h6
22. f4 Bd6 23. f5 Bh7 24. Bf4 Ne5 25. Kh1 Qe7 26. Nc2 Kh8 27. b5 Rad8 28. bxc6
bxc6 29. Qe1 d4 30. Nxd4 Nxd3 31. exd3 Qxe1 32. Rbxe1 Rxe1 33. Rxe1 Bxf4 34.
Nce2 c5 35. Nxf4 Rxd4 36. Rf1 Bg8 37. Kh2 Kh7 38. Rf3 Nd7 39. Kg3 Ne5 40. Re3 f6
41. Be4 Bf7 42. h4 Kg8 43. Re1 c4 44. dxc4 1/2-1/2

[Event "FIDE Grand Prix 2017"]
[Site "Ginevra"]
[Date "15.07.2017"]
[Round "9"]
[White "Riazantsev, Alexander"]
[Black "Adams, Michael"]
[Result "1/2-1/2"]
[WhiteTitle "GM"]
[BlackTitle "GM"]
[WhiteElo "2654"]
[BlackElo "2736"]
[WhiteFideId "4125029"]
[BlackFideId "400041"]
[EventDate "2017.07.06"]
[EventType "swiss"]

1. d4 Nf6 2. c4 e6 3. Nc3 d5 4. cxd5 exd5 5. Bg5 c6 6. e3 Be7 7. Bd3 Nbd7 8. Nf3
Ne4 9. Bxe7 Qxe7 10. Qc2 Ndf6 11. O-O O-O 12. Ne5 Re8 13. Rac1 Bf5 14. Rfe1 g6 1/2-1/2